Relations between cone-parameter Levy processes and convolution semigroups /
محفوظ في:
| المؤلف الرئيسي: | |
|---|---|
| مؤلفون آخرون: | |
| التنسيق: | مقال |
| اللغة: | English |
| الموضوعات: | |
| الوسوم: |
إضافة وسم
لا توجد وسوم, كن أول من يضع وسما على هذه التسجيلة!
|
| Thư viện lưu trữ: | Thư viện Trường Đại học Đà Lạt |
|---|
| LEADER | 00818nam a2200265 4500 | ||
|---|---|---|---|
| 001 | DLU090079087 | ||
| 005 | ##20090608 | ||
| 040 | # | # | |a DLU |b eng |
| 041 | # | # | |a eng |
| 044 | # | # | |a JP |
| 100 | # | # | |a Pedersen, Jan. |
| 245 | # | # | |a Relations between cone-parameter Levy processes and convolution semigroups / |c Jan Pedersen, Ken-Iti Sato. |
| 653 | # | # | |a Convolution semigroups |
| 653 | # | # | |a Levy processes |
| 700 | # | # | |a Sato, Ken-Iti. |
| 773 | # | # | |t Journal of the Mathematical Society of Japan |g Vol. 56, no. 2 (April 2004), p. 541-559 |
| 920 | # | # | |a Phòng Tạp chí -- Trung tâm Thông tin - Thư viện Trường Đại học Đà Lạt |
| 994 | # | # | |a DLU |
| 900 | # | # | |a True |
| 911 | # | # | |a Trương Bảo Trâm Anh |
| 925 | # | # | |a G |
| 926 | # | # | |a A |
| 927 | # | # | |a BB |
| 980 | # | # | |a Thư viện Trường Đại học Đà Lạt |